Crossfire. (3), Nezkrotná /
Závěrečný díl erotické trilogie s ústřední dvojicí: krasavicí a boháčem.
Uloženo v:
| Série: | Crossfire,
část 3 |
|---|---|
| Hlavní autor: | |
| Další autoři: | |
| Médium: | E-kniha |
| Jazyk: | Czech |
| Vydáno: |
Praha :
Baronet,
2024
|
| Vydání: | 2. vydání (1. vydání v Baronetu) |
| Témata: | |
| Příbuzné jednotky: | Z cyklu::
Crossfire |
| Tagy: |
Žádné tagy |
| LEADER | 02534nam a2200505 i 4500 | ||
|---|---|---|---|
| 001 | 312424 | ||
| 003 | CZ PrSKC | ||
| 005 | 20260601215722.0 | ||
| 007 | ta | ||
| 008 | 240613s2024 xr e 000 f cze | ||
| 015 | |a cnb003611467 | ||
| 020 | |a 9788026923732 |q (vázáno) | ||
| 035 | |a (OCoLC)1451769622 | ||
| 040 | |a ABG001 |b cze |e rda | ||
| 041 | 1 | |a cze |h eng | |
| 072 | 7 | |a 821.111(73)-3 |x Americká próza |2 Konspekt | |
| 080 | |a 821.111(73)-31 |2 MRF | ||
| 080 | |a (0:82-31)-055.2 |2 MRF | ||
| 080 | |a (0:82-993) |2 MRF | ||
| 100 | 1 | |a Day, Sylvia, |d 1973- |7 mzk2009534975 |4 aut | |
| 240 | 1 | 0 | |a Entwined with you. |l Česky |
| 245 | 1 | 0 | |a Crossfire. |n (3), |p Nezkrotná / |c Sylvia Day ; z anglického originálu Entwined with you ... přeložila Jana Pacnerová |
| 246 | 3 | 0 | |a Nezkrotná |
| 250 | |a 2. vydání (1. vydání v Baronetu) | ||
| 264 | 1 | |a Praha : |b Baronet, |c 2024 | |
| 300 | |a 399 stran ; |c 21 cm | ||
| 336 | |a text |b txt |2 rdacontent | ||
| 337 | |a bez média |b n |2 rdamedia | ||
| 338 | |a svazek |b nc |2 rdacarrier | ||
| 520 | 2 | |a Závěrečný díl erotické trilogie s ústřední dvojicí: krasavicí a boháčem. |b Eva s Gideonem již oficiálně netvoří pár, ve skutečnosti společně sdílejí dva byty a fantastický sex. Avšak minulost na oba nezdolně dotírá - na Adama jeho sexuální zneužití z dětství v podobě nezvladatelných násilnických záchvatů, na Evu expřítel - rocker, který si dělá naděje na slepení vztahu s Evou. Eva by s ním neměla jezdit na premiéru videoklipu, přesně to ale udělá. Jak asi zareaguje dominantní a majetnický Gideon? | |
| 546 | |a Český text | ||
| 655 | 7 | |a americké romány |7 fd131796 |2 czenas | |
| 655 | 7 | |a romány pro ženy |7 fd187897 |2 czenas | |
| 655 | 7 | |a erotické romány |7 fd132211 |2 czenas | |
| 655 | 9 | |a American fiction |2 eczenas | |
| 655 | 9 | |a women's novels |2 eczenas | |
| 655 | 9 | |a erotic novels |2 eczenas | |
| 700 | 1 | |a Pacnerová, Jana, |d 1955- |7 jn20000810168 |4 trl | |
| 787 | 0 | 8 | |i Z cyklu: |t Crossfire |g 3 |
| 900 | |a ABA001 |b 21 | ||
| 928 | 9 | |a Albatros Media - Baronet | |
| 044 | |a xr | ||
| 910 | |a RBIT002 | ||
| 998 | |d 406285 |a https://core.palmknihy.cz/api/books/406285/cover?sgla9u |b https://core.palmknihy.cz/api/books/406285/cover/400?sgla9u |c https://core.palmknihy.cz/api/books/406285/cover/50?sgla9u |e 2030-08-08 |g 400 |i 9788026923732 |j https://core.palmknihy.cz/api/books/406285/preview.epub |k https://core.palmknihy.cz/api/books/406285/preview.pdf |l |q 49 |r 1 |s https://www.palmknihy.cz/kniha/406285 |t ebook |y 2024 |z 0 |v Crossfire |w 3 | ||
| 999 | |d 312422 | ||